1156 1584 1085 1425 1974 1060 1961 1655 1384 1831 1782 1702 1998 1286 1672 1121 1701 1086 1326 1159 1133 1150 1539 1222 1764 1414 1625 1015 1162 1759 1029 1663 1585 1517 1261 1210 1896 1489 1165 1359 1764 1473 1889 1011 1790 1886 1650 1549 1299 1145 1741 1955 1717 1071 1155 1811 1203 1308 1772 1142 1088 1380 1577 1973 1994 1436 1474 1371 1835 1072 1873 1909 1166 1167 1535 1500 1338 1362 1808 1791 1452 1536 1617 1117 1350 1440 1073 1298 1565 1178 1776 1724 1557 1027 1419 1166 1044 1798 1610 BCNSPRNW ULIB Ver.6.0+V

เปลี่ยนเป็นภาษาไทย

Change to English
 แสดงรายละเอียดบรรณานุกรม
  กลับหน้าหลัก

Brief Record : Get Marc (ISO 2709) : E-mail record : QR code < ปิดหน้าต่าง
LEADER : 00000nam 2200000uu 4500
001    13399124474
003     ULIB
008    150803s2558||||th 000 0 tha d
020    ^a9786163748256
060 04 ^aWY106^bส743ก
100 0  สุขศิริ ประสมสุข
245 10 ^aการพยาบาลอนามัยชุมชน :^bคู่มือทบทวนสอบใบประกอบวิชาชีพพยาบาล /^cบรรณาธิการ, สุขศิริ ประสมสุข
260    ^aกรุงเทพฯ^bนีโอดิจิตอล;^c2558
300    ^a223 หน้า :^bภาพประกอบ
500    ^aอนามัยชุมชน
505 0  ^a1.การพยาบาลอนามัยชุมชนและระบบบริการสาธารณสุข --2.แผนพัฒนาสุขภาพ --3.วิทยาการระบาด --4.นวัตกรรมและกลวิธี สาธารณสุข --5.กระบวนการพยาบาลอนามัยชุมชน --6. อนามัยครอบครัว --7. อนามัยโรงเรียน --8. อาชีวอนามัย --9.อนามัยสิ่งแวดล้อม --10. การบรรเทาสาธารณสุข
650  4 ^aใบประกอบวิชาชีพ
650  4 ^aการพยาบาล
650  4 ^aสอบใบประกอบวิชาชีพ
650  4 ^aทบทวนใบประกอบวิชาชีพ
650  0 ^aอนามัยชุมชน
945    ^p220^l0^i23026
945    ^p220^l0^i23027
999    ^aทศพร เกษรทอง
รายการนี้ยังไม่มีแท็ก
คุณยังไม่ได้ล็อกอิน คุณสามารถมีกิจกรรมร่วมกับเว็บไซต์ได้ แต่ต้องล็อกอินก่อน ::
  ล็อกอิน

รายการสื่อสารสนเทศ

ลำดับที่ ประเภท เลขเรียก/บาร์โค้ด สถานที่ สถานะ
1. Book การพยาบาล
หนังสือสำรอง
สถานะ=หนังสือสำรอง
WY106 ส743ก ฉ.1 
  Barcode: 23026
ห้องสมุดวิทยาเขตนครสวรรค์
►ส่วนจัดเก็บหนังสือเก่า นว.
บนชั้น
  ขอยืม
2. Book การพยาบาล
Book การพยาบาล
WY106 ส743ก ฉ.2 
  Barcode: 23027
ห้องสมุดวิทยาเขตนครสวรรค์
►ส่วนจัดเก็บหนังสือเก่า นว.
บนชั้น
  ขอยืม

รายการใกล้เคียง
    หัวเรื่อง [ใบประกอบวิชาชีพ]
    หัวเรื่อง [การพยาบาล]
    หัวเรื่อง [สอบใบประกอบวิชาชีพ]
    หัวเรื่อง [ทบทวนใบประกอบวิชาชีพ]
    หัวเรื่อง [อนามัยชุมชน]

BibComment


ยังไม่เคยถูกคอมเมนท์

คอมเมนท์ทรัพยากรรายการนี้
  คอมเมนท์: การพยาบาลอนามัยช..


 Copyright 2026. Bcnsprnw @Library